000 00395nam a2200157 4500
001 143685
003 ES-MaACL
005 20230906200850.0
007 t|
008 070214s1970 sp r ||||1| spa d
100 1 _aSerra, Jaime.
_9105609
245 1 0 _aAhir /
_cJaime Serra.
260 _aManacor :
_bJ. Llopis,
_c1970.
300 _a119 p. ;
_c17 cm.
852 _aES-MaACL
_jC-47675
_bR.73920
999 _c143685
_d143685